[Event "OPEN B - XVII MIEDZYNARODOWY FESTIWAL S"]
[Site "GOLD CHESS Open  - Rewal"]
[Date "2012.??.??"]
[Round "1.25"]
[White "Obiedzinski, Piotr"]
[Black "Bobryk, Konrad"]
[Result "1-0"]
[WhiteElo "1913"]
[BlackElo "1616"]
[PlyCount "85"]
[EventDate "2012.??.??"]

1. d4 Nf6 2. Bg5 e6 3. Nd2 b6 4. e3 Bb7 5. f4 Be7 6. Ngf3 O-O 7. Bd3 c5 8. O-O
Nc6 9. c3 h6 10. Bh4 d6 11. Qe1 Nd7 12. Bxe7 Qxe7 13. g4 Rfe8 14. g5 h5 15. g6
f5 16. Qg3 d5 17. Rf2 Nf6 18. Qg5 Qc7 19. Nf1 Kf8 20. Ng3 Ke7 21. Nxh5 Rh8 22.
Nxg7 Rag8 23. Nxe6 Kxe6 24. Qxf5+ Ke7 25. Qg5 Rh5 26. Qg3 c4 27. Bc2 Bc8 28.
Ng5 Rg7 29. Re1 Be6 30. e4 Nxe4 31. Bxe4 dxe4 32. Rxe4 Rxg6 33. d5 Nd8 34. dxe6
Nxe6 35. Rfe2 Qc5+ 36. Qe3 Rgxg5+ 37. fxg5 Rxg5+ 38. Rg2 Rxg2+ 39. Kxg2 Qc6 40.
Kf2 Kd7 41. Rxe6 Qxe6 42. Qxe6+ Kxe6 43. Kf3 1-0

[Event "OPEN B - XVII MIEDZYNARODOWY FESTIWAL S"]
[Site "GOLD CHESS Open  - Rewal"]
[Date "2012.??.??"]
[Round "1.26"]
[White "Murawko, Julia"]
[Black "Gawiec, Konrad"]
[Result "0-1"]
[WhiteElo "1607"]
[BlackElo "1911"]
[PlyCount "64"]
[EventDate "2012.??.??"]

1. e4 c5 2. Nf3 Nc6 3. d4 cxd4 4. Nxd4 g6 5. Be3 Bg7 6. Nc3 Nf6 7. Be2 O-O 8.
O-O d5 9. Bf3 Nxe4 10. Bxe4 dxe4 11. Nxc6 bxc6 12. Nxe4 Bxb2 13. Rb1 Bg7 14.
Bc5 Qc7 15. Qe2 Be6 16. c4 h6 17. f4 Rfd8 18. Rbc1 Rab8 19. Qe3 Rb7 20. Kh1 Qa5
21. Rf2 Bxc4 22. Qa3 Qc7 23. Qe3 Bb2 24. Rg1 Rd3 25. Qe1 Bxa2 26. f5 g5 27. Qe2
Bc4 28. Qh5 Bd5 29. Re2 Bg7 30. Nf2 Rdb3 31. Bxe7 Qf4 32. Ng4 Rb1 0-1

[Event "OPEN B - XVII MIEDZYNARODOWY FESTIWAL S"]
[Site "GOLD CHESS Open  - Rewal"]
[Date "2012.??.??"]
[Round "1.27"]
[White "Kowalczyk, Adam"]
[Black "Kasianczuk, Krzysztof"]
[Result "0-1"]
[WhiteElo "1896"]
[BlackElo "1590"]
[PlyCount "40"]
[EventDate "2012.??.??"]

1. e4 c5 2. Nf3 Nc6 3. Nc3 g6 4. d4 cxd4 5. Nxd4 Bg7 6. Be3 Nf6 7. Nxc6 bxc6 8.
e5 Nd5 9. Nxd5 cxd5 10. Qxd5 Rb8 11. Bxa7 Rxb2 12. Bd3 Qc7 13. Bd4 Bb7 14. Qc4
Qxc4 15. Bxc4 Rb4 16. Bd3 Rxd4 17. Rb1 Bc8 18. Rb8 O-O 19. Bb5 Bxe5 20. Ra8 Rb4
0-1

[Event "OPEN B - XVII MIEDZYNARODOWY FESTIWAL S"]
[Site "GOLD CHESS Open  - Rewal"]
[Date "2012.??.??"]
[Round "1.28"]
[White "Drela, Michal"]
[Black "Blaszkiewicz, Mateusz"]
[Result "1-0"]
[WhiteElo "1570"]
[BlackElo "1879"]
[PlyCount "77"]
[EventDate "2012.??.??"]

1. d4 Nf6 2. Nf3 d5 3. c4 g6 4. Bf4 Bg7 5. e3 O-O 6. Bd3 dxc4 7. Bxc4 c5 8. Nc3
cxd4 9. Nxd4 Nbd7 10. Nf3 Nh5 11. Bg3 Nxg3 12. hxg3 Qa5 13. Rc1 Nb6 14. Bb3 Bf5
15. O-O Rfd8 16. Nd2 Rac8 17. Bc2 Bxc3 18. bxc3 Rxc3 19. Bxf5 Rxc1 20. Qxc1
Qxf5 21. Nf3 Rc8 22. Qa3 Qb5 23. Qxe7 Nd5 24. Qa3 Nc3 25. Nd4 Qc5 26. Qb3 b6
27. Re1 Qa5 28. Rc1 Rc5 29. a3 Ne4 30. Rd1 Qc3 31. Qa4 Ra5 32. Qe8+ Kg7 33.
Qxe4 Qxa3 34. Nc6 Rc5 35. Qd4+ Kh6 36. Ne5 f6 37. Ng4+ Kh5 38. Nxf6+ Kh6 39.
Ng8+ 1-0

[Event "OPEN B - XVII MIEDZYNARODOWY FESTIWAL S"]
[Site "GOLD CHESS Open  - Rewal"]
[Date "2012.??.??"]
[Round "1.29"]
[White "Kuspak, Aleksander"]
[Black "Czerniawski, Krzysztof"]
[Result "1-0"]
[WhiteElo "1866"]
[BlackElo "1569"]
[PlyCount "123"]
[EventDate "2012.??.??"]

1. e4 c5 2. Nf3 d6 3. Bb5+ Bd7 4. Bxd7+ Nxd7 5. O-O g6 6. c3 Bg7 7. d4 cxd4 8.
cxd4 e6 9. Nc3 Ne7 10. Bf4 Nf6 11. Nb5 O-O 12. Qe2 a6 13. Nc3 b5 14. a3 Qb6 15.
h3 Rfd8 16. Rfd1 d5 17. e5 Nd7 18. Bg5 Bf8 19. Qd2 Rab8 20. Rdc1 Rdc8 21. Ne2
Nc6 22. b3 Na5 23. Qb2 Rc6 24. Bd2 Rbc8 25. Bb4 Bh6 26. Bd2 Bf8 27. Ne1 Rxc1
28. Rxc1 Rxc1 29. Bxc1 Qc6 30. Nd3 Be7 31. Bd2 Bd8 32. Nb4 Qc8 33. Nc1 Kf8 34.
Ncd3 Bb6 35. Kf1 Ke7 36. Ke2 Nb8 37. Nc5 Nac6 38. Nxc6+ Nxc6 39. b4 a5 40. bxa5
Nxd4+ 41. Qxd4 Bxc5 42. Bb4 Bxb4 43. Qxb4+ Kd8 44. Qf8+ Kc7 45. Qxf7+ Kb8 46.
Qxh7 Qc2+ 47. Kf3 Qe4+ 48. Kg3 Qxe5+ 49. f4 Qe1+ 50. Kh2 Qxa5 51. Qg8+ Kb7 52.
Qxe6 Qd8 53. Qxg6 d4 54. Qd3 Kb6 55. g4 Kc5 56. g5 Qd6 57. Kg3 Qe6 58. g6 Qe1+
59. Kg2 Qe7 60. Qf5+ Kb6 61. Qe5 Qd8 62. g7 1-0

[Event "OPEN B - XVII MIEDZYNARODOWY FESTIWAL S"]
[Site "GOLD CHESS Open  - Rewal"]
[Date "2012.??.??"]
[Round "1.30"]
[White "Woloch, Oskar"]
[Black "Murawko, Katarzyna"]
[Result "0-1"]
[WhiteElo "1564"]
[BlackElo "1859"]
[PlyCount "64"]
[EventDate "2012.??.??"]

1. g3 d5 2. Bg2 e5 3. c4 c6 4. cxd5 cxd5 5. Qb3 Nf6 6. d3 h6 7. Nc3 d4 8. Bxb7
Bxb7 9. Qxb7 Nbd7 10. Nd1 Bc5 11. Bd2 O-O 12. Nh3 g5 13. f4 exf4 14. gxf4 g4
15. Qg2 Kh7 16. Nhf2 Rg8 17. Ne4 Qe7 18. Ndf2 Rae8 19. Kf1 Nh5 20. Re1 f5 21.
Ng3 Qf7 22. Nxh5 Qxh5 23. b4 Bb6 24. a4 Qf7 25. a5 Bc7 26. Qb7 Bb8 27. Rg1 Re7
28. Qg2 Nf6 29. Nd1 Qa2 30. e3 Qc2 31. Ke2 Bxf4 32. Kf1 dxe3 0-1

[Event "OPEN B - XVII MIEDZYNARODOWY FESTIWAL S"]
[Site "GOLD CHESS Open  - Rewal"]
[Date "2012.??.??"]
[Round "1.31"]
[White "Hadzicki, Tomasz"]
[Black "Chylewski, Patryk"]
[Result "0-1"]
[WhiteElo "1858"]
[BlackElo "1562"]
[PlyCount "96"]
[EventDate "2012.??.??"]

1. e4 c5 2. Nc3 e6 3. Nf3 a6 4. a4 Ne7 5. d4 cxd4 6. Nxd4 d5 7. Be3 dxe4 8.
Nxe4 Nd5 9. Bg5 Be7 10. Bxe7 Qxe7 11. c3 O-O 12. Bc4 b6 13. O-O Bb7 14. Re1 Nd7
15. a5 b5 16. Ba2 N7f6 17. Nxf6+ Qxf6 18. Bxd5 Bxd5 19. Qe2 b4 20. Qe3 Qg6 21.
f3 bxc3 22. Qxc3 Rfc8 23. Qe3 h6 24. Rac1 Rab8 25. Qe2 Qf6 26. Qd2 Qe7 27.
Rxc8+ Rxc8 28. Rc1 Rxc1+ 29. Qxc1 Qb4 30. Qc3 Qxc3 31. bxc3 Kf8 32. Nc2 Ke7 33.
Nb4 Bc4 34. Kf2 Kd6 35. Ke3 Kc5 36. Nc2 Bf1 37. Kf2 Bd3 38. Na3 e5 39. Ke3 Bf1
40. g3 f5 41. h4 g5 42. hxg5 hxg5 43. f4 exf4+ 44. gxf4 g4 45. Nc2 Kc4 46. Kd2
g3 47. Ne3+ Kc5 48. Ke1 Bd3 0-1

[Event "OPEN B - XVII MIEDZYNARODOWY FESTIWAL S"]
[Site "GOLD CHESS Open  - Rewal"]
[Date "2012.??.??"]
[Round "1.32"]
[White "Strek, Jaroslaw"]
[Black "Kalmuk, Krzysztof"]
[Result "0-1"]
[WhiteElo "1493"]
[BlackElo "1857"]
[PlyCount "94"]
[EventDate "2012.??.??"]

1. d4 Nf6 2. c4 g6 3. Nc3 Bg7 4. e3 O-O 5. Nf3 d6 6. Qc2 Na6 7. a3 c5 8. d5 Nc7
9. Bd3 a6 10. O-O Rb8 11. a4 b5 12. e4 Bd7 13. Rb1 b4 14. Nd1 b3 15. Qe2 Bxa4
16. e5 Ng4 17. Bf4 Nxe5 18. Nxe5 dxe5 19. Bxe5 Bxe5 20. Qxe5 Qd6 21. Qe3 Bd7
22. Nc3 f5 23. f4 Rfe8 24. Qe5 Rb6 25. Ra1 e6 26. Qxd6 Rxd6 27. Ra5 exd5 28.
cxd5 Nxd5 29. Bc4 Be6 30. Rxc5 Nxc3 31. Bxe6+ Rdxe6 32. Rxc3 Rb6 33. Ra1 Re2
34. Rb1 Rc2 35. Rd3 Rb4 36. Rd8+ Kg7 37. Ra8 Rxf4 38. Rxa6 Rff2 39. Rb6 Rxg2+
40. Kf1 Rxh2 41. Kg1 Rcg2+ 42. Kf1 Rxb2 43. Rxb2 Rxb2 44. Ke1 f4 45. Kd1 f3 46.
Kc1 Rc2+ 47. Kb1 f2 0-1

[Event "OPEN B - XVII MIEDZYNARODOWY FESTIWAL S"]
[Site "GOLD CHESS Open  - Rewal"]
[Date "2012.??.??"]
[Round "1.33"]
[White "Duszenko, Michal"]
[Black "Wodecki, Michal"]
[Result "1-0"]
[WhiteElo "1852"]
[BlackElo "1440"]
[PlyCount "125"]
[EventDate "2012.??.??"]

1. e4 e5 2. Nf3 Nc6 3. d4 exd4 4. Nxd4 Bc5 5. Be3 Qf6 6. c3 d6 7. Bc4 Ne5 8.
Be2 Qg6 9. O-O Bh3 10. Bf3 Ne7 11. Nd2 O-O 12. Kh1 Nxf3 13. Qxf3 Bd7 14. b4 Bb6
15. Nc4 Bxd4 16. cxd4 Bb5 17. Rfc1 f5 18. e5 Bc6 19. Qg3 Qe6 20. exd6 cxd6 21.
Bf4 Nd5 22. Re1 Qd7 23. Bxd6 f4 24. Qh4 Rf6 25. Be5 Rg6 26. f3 Nxb4 27. Rab1
Nd3 28. Re2 Qd5 29. Na3 Re8 30. Qh5 Nxe5 31. dxe5 Qd3 32. Rbe1 Qxa3 33. e6
Rgxe6 34. Rxe6 Rxe6 35. Rd1 Qe7 36. Qa5 g5 37. h3 Re2 38. Rd8+ Kf7 39. Qf5+ Kg7
40. Qc8 Kh6 41. Rf8 Re6 42. Rg8 Bd5 43. Rd8 Bxa2 44. Rd7 Re1+ 45. Kh2 Be6 46.
Rxe7 Bxc8 47. Rxe1 a6 48. Re7 b5 49. Rc7 Bf5 50. Rc6+ Kg7 51. Rxa6 Bd3 52. Kg1
b4 53. Rb6 Be2 54. Rxb4 Kg6 55. Kf2 Bd3 56. Rd4 Bf5 57. Rd6+ Kh5 58. Ke2 Kh4
59. Rh6+ Kg3 60. Kf1 Bd3+ 61. Kg1 Bg6 62. Kh1 Bd3 63. Rh5 1-0

[Event "OPEN B - XVII MIEDZYNARODOWY FESTIWAL S"]
[Site "GOLD CHESS Open  - Rewal"]
[Date "2012.??.??"]
[Round "1.34"]
[White "Wodecki, Mikolaj"]
[Black "Czernicki, Bogdan"]
[Result "0-1"]
[WhiteElo "1300"]
[BlackElo "1850"]
[PlyCount "50"]
[EventDate "2012.??.??"]

1. e4 e6 2. d4 d5 3. Nc3 Bb4 4. exd5 exd5 5. Bd3 Ne7 6. Nf3 Bg4 7. O-O c6 8.
Re1 h6 9. Qe2 O-O 10. Bd2 Bd6 11. Na4 Nd7 12. Qe3 Nf5 13. Bxf5 Bxf5 14. Ne5
Bxc2 15. Nc5 Nxc5 16. dxc5 Bxe5 17. Qxe5 Re8 18. Qg3 Qf6 19. Bc3 Qg6 20. Qc7
Be4 21. g3 Rab8 22. Qd6 Qh5 23. Qf4 Rbc8 24. Re3 Re6 25. Rae1 g5 0-1

[Event "OPEN B - XVII MIEDZYNARODOWY FESTIWAL S"]
[Site "GOLD CHESS Open  - Rewal"]
[Date "2012.??.??"]
[Round "1.38"]
[White "Huchler, Harald"]
[Black "Reza, Wojciech"]
[Result "0-1"]
[WhiteElo "1446"]
[BlackElo "2090"]
[PlyCount "54"]
[EventDate "2012.??.??"]

1. e4 c5 2. Nf3 e6 3. Be2 Nc6 4. O-O Nf6 5. d3 d5 6. exd5 Nxd5 7. Nc3 Be7 8.
Ne4 O-O 9. c4 Nf6 10. Be3 b6 11. Rb1 Bb7 12. Nxf6+ Bxf6 13. a3 a5 14. Bf4 e5
15. Bd2 Be7 16. Bc3 f6 17. Nh4 f5 18. Nf3 Bd6 19. Qc2 a4 20. Bd2 Qf6 21. Qc3
Rae8 22. Bd1 Re6 23. Bxa4 Nd4 24. Nxd4 exd4 25. Qc1 Bxh2+ 26. Kh1 f4 27. f3 Qh4
0-1

[Event "OPEN B - XVII MIEDZYNARODOWY FESTIWAL S"]
[Site "GOLD CHESS Open  - Rewal"]
[Date "2012.??.??"]
[Round "1.39"]
[White "Steppuhn, Thomas"]
[Black "Baran, Dawid"]
[Result "1-0"]
[WhiteElo "2039"]
[BlackElo "1740"]
[PlyCount "103"]
[EventDate "2012.??.??"]

1. d4 g6 2. Nf3 Bg7 3. e4 d6 4. Bc4 Nf6 5. Nc3 O-O 6. O-O c6 7. Qe2 Bg4 8. h3
Bxf3 9. Qxf3 e5 10. dxe5 dxe5 11. Bg5 Nbd7 12. Rfd1 Qc7 13. Rd2 h6 14. Bh4 g5
15. Bg3 b5 16. Bb3 Nc5 17. Qf5 Rfe8 18. Rad1 b4 19. Na4 Nxb3 20. axb3 Re7 21.
Nc5 Rae8 22. h4 Qc8 23. Nd7 Nh7 24. hxg5 hxg5 25. f3 Nf8 26. Bf2 Ne6 27. Bxa7
c5 28. Nxc5 Nd4 29. Qxc8 Rxc8 30. Bb6 Rc6 31. Na4 Rxc2 32. Rxc2 Nxc2 33. Rd2
Nd4 34. Bxd4 exd4 35. Nb6 Rc7 36. Nd5 Rc1+ 37. Kf2 Rc5 38. Ne7+ Kh7 39. Nf5 d3
40. Nxg7 Kxg7 41. Ke3 Rc1 42. Kxd3 Kf6 43. Rc2 Rb1 44. Kc4 g4 45. Kxb4 g3 46.
Kc3 Rf1 47. Kd3 Ke5 48. Ke3 Re1+ 49. Re2 Rf1 50. b4 Kd6 51. Rc2 Re1+ 52. Kf4
1-0

[Event "OPEN B - XVII MIEDZYNARODOWY FESTIWAL S"]
[Site "GOLD CHESS Open  - Rewal"]
[Date "2012.??.??"]
[Round "2.1"]
[White "Budzinski, Jan"]
[Black "Sroka, Janusz"]
[Result "1-0"]
[WhiteElo "1913"]
[BlackElo "2109"]
[PlyCount "91"]
[EventDate "2012.??.??"]

1. e4 d6 2. d4 Nf6 3. Nc3 e5 4. dxe5 dxe5 5. Qxd8+ Kxd8 6. Bg5 Be6 7. O-O-O+
Nbd7 8. Nf3 Bd6 9. Bb5 h6 10. Bxd7 Bxd7 11. Bxf6+ gxf6 12. Nd5 f5 13. Nf6 fxe4
14. Nxe4 Be6 15. Nxe5 Ke7 16. Nxd6 cxd6 17. Nf3 Rac8 18. Nd4 Rc5 19. Rhe1 Rh5
20. g4 Re5 21. f4 Rxe1 22. Rxe1 Kf6 23. f5 Bd7 24. h3 Rd8 25. Kd2 h5 26. Rg1
hxg4 27. hxg4 Rh8 28. Ke3 Bc6 29. Kf4 Rh2 30. g5+ Kg7 31. b3 Rh4+ 32. Rg4 Rh2
33. a4 Rh3 34. Rg3 Rh4+ 35. Ke3 Re4+ 36. Kd3 Rh4 37. g6 Be4+ 38. Ke3 f6 39. Nf3
Bxf3 40. Rxf3 b6 41. Rf4 Rh2 42. Rc4 Kh6 43. Rc7 Rg2 44. Ke4 a6 45. Kd5 Kg5 46.
Ke6 1-0

[Event "OPEN B - XVII MIEDZYNARODOWY FESTIWAL S"]
[Site "GOLD CHESS Open  - Rewal"]
[Date "2012.??.??"]
[Round "2.2"]
[White "Gawiec, Konrad"]
[Black "Swiatloch, Tomasz"]
[Result "0-1"]
[WhiteElo "1911"]
[BlackElo "2099"]
[PlyCount "62"]
[EventDate "2012.??.??"]

1. e4 c5 2. Nf3 a6 3. d4 cxd4 4. Nxd4 Nf6 5. Nc3 d6 6. Bd3 e5 7. Nb3 Be7 8. O-O
O-O 9. h3 Be6 10. f4 exf4 11. Bxf4 Nc6 12. Qe2 Rc8 13. Rad1 Ne5 14. Bxe5 dxe5
15. Kh1 Qc7 16. Nd5 Bxd5 17. exd5 Rfe8 18. Bf5 Rcd8 19. c4 g6 20. Bb1 Nh5 21.
Qf2 Rf8 22. c5 Bg5 23. g3 f5 24. h4 Bh6 25. d6 Qd7 26. Rg1 f4 27. g4 Ng3+ 28.
Rxg3 fxg3 29. Qxg3 Rf4 30. Rg1 Rdf8 31. g5 Rf3 0-1

[Event "OPEN B - XVII MIEDZYNARODOWY FESTIWAL S"]
[Site "GOLD CHESS Open  - Rewal"]
[Date "2012.??.??"]
[Round "2.3"]
[White "Kaczmarek, Aleksander"]
[Black "Kuspak, Aleksander"]
[Result "1-0"]
[WhiteElo "2097"]
[BlackElo "1866"]
[PlyCount "39"]
[EventDate "2012.??.??"]

1. e4 e5 2. Nf3 Nc6 3. d4 exd4 4. Bc4 Nf6 5. e5 d5 6. Bb5 Ne4 7. Nxd4 Bd7 8.
Bxc6 bxc6 9. O-O Bc5 10. f3 Ng5 11. f4 Ne4 12. Be3 Bb6 13. Nc3 Nxc3 14. bxc3
Qe7 15. Qf3 Rd8 16. Qg3 f5 17. e6 Bxe6 18. Nxe6 Bxe3+ 19. Qxe3 Rd6 20. Rae1 1-0

[Event "OPEN B - XVII MIEDZYNARODOWY FESTIWAL S"]
[Site "GOLD CHESS Open  - Rewal"]
[Date "2012.??.??"]
[Round "2.4"]
[White "Murawko, Katarzyna"]
[Black "Malec, Sebastian"]
[Result "0-1"]
[WhiteElo "1859"]
[BlackElo "2093"]
[PlyCount "46"]
[EventDate "2012.??.??"]

1. e4 c5 2. Nf3 Nc6 3. d4 cxd4 4. Nxd4 Nf6 5. Nc3 d6 6. f3 e5 7. Nb3 Be7 8. Be3
O-O 9. Qd2 a5 10. Nd5 Nxd5 11. exd5 a4 12. dxc6 axb3 13. cxb7 Bxb7 14. cxb3 d5
15. Bd3 Bh4+ 16. Bf2 e4 17. Be2 e3 18. Qxe3 Re8 19. Qf4 Bg5 20. Qd4 Ba6 21. O-O
Bf6 22. Qg4 Bxe2 23. Rfe1 d4 0-1

[Event "OPEN B - XVII MIEDZYNARODOWY FESTIWAL S"]
[Site "GOLD CHESS Open  - Rewal"]
[Date "2012.??.??"]
[Round "2.5"]
[White "Reza, Wojciech"]
[Black "Duszenko, Michal"]
[Result "1-0"]
[WhiteElo "2090"]
[BlackElo "1852"]
[PlyCount "139"]
[EventDate "2012.??.??"]

1. e4 e5 2. Nf3 Nc6 3. Bb5 a6 4. Ba4 Nf6 5. Qe2 b5 6. Bb3 Be7 7. c3 d6 8. O-O
O-O 9. a3 Re8 10. d3 h6 11. Rd1 Bf8 12. Nbd2 Na5 13. Ba2 c5 14. Nf1 Qc7 15. Ng3
Be6 16. Bxe6 fxe6 17. d4 exd4 18. cxd4 d5 19. Qc2 Nb7 20. dxc5 Qxc5 21. Qe2 Qc4
22. Qe1 Rad8 23. e5 Nd7 24. Be3 Rc8 25. Qd2 Qc2 26. Ne2 Qxd2 27. Bxd2 Rc7 28.
h4 Rec8 29. Nf4 Nd8 30. Ba5 Rc4 31. Nd4 Nc6 32. Bc3 Nxd4 33. Bxd4 Kf7 34. b3
Rc2 35. b4 Be7 36. g3 g5 37. hxg5 Bxg5 38. Nd3 Rd2 39. Rxd2 Bxd2 40. Ra2 Rc4
41. Ba7 Bc3 42. f4 Kg6 43. Kf2 Kf5 44. Kf3 Bd4 45. g4+ Kg6 46. Bxd4 Rxd4 47.
Nf2 Nb6 48. Ke3 Rc4 49. Nd3 Nd7 50. a4 bxa4 51. Rxa4 Rc6 52. Ra1 Nb6 53. Rf1 h5
54. f5+ exf5 55. gxf5+ Kf7 56. Rh1 Rh6 57. Kf4 Nc4 58. Kg5 Rh8 59. e6+ Ke7 60.
Nf4 Rg8+ 61. Ng6+ Kd6 62. Kf6 d4 63. e7 Rb8 64. Kf7 Kd5 65. Re1 Nd6+ 66. Kf6 d3
67. Nf4+ Kd4 68. Ke6 Nxf5 69. Kxf5 d2 70. e8=Q 1-0

[Event "OPEN B - XVII MIEDZYNARODOWY FESTIWAL S"]
[Site "GOLD CHESS Open  - Rewal"]
[Date "2012.??.??"]
[Round "2.7"]
[White "Kalmuk, Krzysztof"]
[Black "Jacek, Krystian"]
[Result "0-1"]
[WhiteElo "1857"]
[BlackElo "2071"]
[PlyCount "64"]
[EventDate "2012.??.??"]

1. d4 g6 2. Nf3 Bg7 3. c4 Nf6 4. Nc3 O-O 5. g3 c5 6. Bg2 cxd4 7. Nxd4 Nc6 8.
O-O Ne5 9. b3 d6 10. h3 Bd7 11. e4 Rc8 12. Be3 a6 13. Rc1 Qa5 14. Qd2 Rfe8 15.
Rfd1 Nc6 16. Nde2 b5 17. Nd5 Qxd2 18. Rxd2 Nxd5 19. cxd5 Nb4 20. Bf1 Rxc1 21.
Nxc1 Rc8 22. Ne2 f5 23. f3 Nc2 24. Bg5 Kf7 25. h4 fxe4 26. fxe4 Bg4 27. Kh2 h6
28. Bf4 Ne1 29. Ng1 g5 30. hxg5 hxg5 31. Bxg5 Rh8+ 32. Bh4 Be5 0-1

[Event "OPEN B - XVII MIEDZYNARODOWY FESTIWAL S"]
[Site "GOLD CHESS Open  - Rewal"]
[Date "2012.??.??"]
[Round "2.8"]
[White "Czernicki, Bogdan"]
[Black "Rak, Tomasz"]
[Result "1/2-1/2"]
[WhiteElo "1850"]
[BlackElo "2066"]
[PlyCount "133"]
[EventDate "2012.??.??"]

1. d4 d5 2. Nf3 c5 3. c3 Nc6 4. g3 e6 5. Bg2 Bd6 6. O-O f5 7. a3 a5 8. Bf4 Nf6
9. e3 a4 10. Nbd2 b6 11. Ne5 Bb7 12. Re1 O-O 13. Nxc6 Bxc6 14. Bxd6 Qxd6 15. f4
Bb5 16. Nf3 Bc4 17. Ne5 Bb3 18. Qd2 Rac8 19. Rac1 b5 20. h3 Rc7 21. g4 Rb8 22.
dxc5 Rxc5 23. gxf5 exf5 24. e4 fxe4 25. Bxe4 Qb6 26. Bg2 Rxc3+ 27. Kh1 Rc5 28.
Ng4 Ne4 29. Bxe4 dxe4 30. Rxc5 Qxc5 31. Rc1 Qd5 32. Qxd5+ Bxd5 33. Ne3 Ba2 34.
Rd1 h6 35. Rd4 Bb1 36. Kg2 Rc8 37. Kg3 Bd3 38. f5 Rc1 39. Kf4 Rh1 40. Rd8+ Kf7
41. Rd7+ Kf8 42. Ke5 Rxh3 43. Kd4 Rf3 44. Rd8+ Ke7 45. Rb8 Rf2 46. Rb7+ Kf8 47.
Rb8+ Kf7 48. Ke5 Rxb2 49. Rb7+ Kg8 50. Nd5 Bc4 51. Ne7+ Kf7 52. Nc6+ Ke8 53.
Kxe4 Rb3 54. Rxg7 Rxa3 55. f6 Kf8 56. Ne5 Ba2 57. Rb7 Kg8 58. Rb8+ Kh7 59. Rb7+
Kg8 60. Kf4 Bd5 61. Rd7 Be6 62. Re7 Ba2 63. Re8+ Kh7 64. Re7+ Kg8 65. Rb7 Rc3
66. Rb8+ Kh7 67. Rb7+ 1/2-1/2

[Event "OPEN B - XVII MIEDZYNARODOWY FESTIWAL S"]
[Site "GOLD CHESS Open  - Rewal"]
[Date "2012.??.??"]
[Round "2.9"]
[White "Trepkowski, Piotr"]
[Black "Steppuhn, Thomas"]
[Result "1/2-1/2"]
[WhiteElo "1786"]
[BlackElo "2039"]
[PlyCount "50"]
[EventDate "2012.??.??"]

1. e4 e6 2. d4 b6 3. Nf3 Bb7 4. Bd3 Nf6 5. e5 Ne4 6. O-O f5 7. exf6 Nxf6 8. c4
Bd6 9. Nc3 O-O 10. d5 exd5 11. cxd5 Qe8 12. Re1 Qh5 13. h3 Na6 14. a3 Nc5 15.
Bc4 Rae8 16. Be3 Nce4 17. Nb5 a6 18. Nxc7 Bxc7 19. d6+ Bd5 20. Bxd5+ Nxd5 21.
dxc7 Nxc7 22. Qxd7 Ne6 23. Rad1 Qg6 24. Ne5 Qf5 25. Nf3 Qg6 1/2-1/2

[Event "OPEN B - XVII MIEDZYNARODOWY FESTIWAL S"]
[Site "GOLD CHESS Open  - Rewal"]
[Date "2012.??.??"]
[Round "2.10"]
[White "Kasianczuk, Krzysztof"]
[Black "Zurkowski, Andrzej"]
[Result "0-1"]
[WhiteElo "1590"]
[BlackElo "2017"]
[PlyCount "64"]
[EventDate "2012.??.??"]

1. e4 d5 2. exd5 Nf6 3. d4 Nxd5 4. Nf3 e6 5. c4 Nb6 6. Nc3 c5 7. Be3 cxd4 8.
Qxd4 Qxd4 9. Bxd4 N6d7 10. Nb5 Na6 11. Nxa7 Bb4+ 12. Nd2 O-O 13. Nxc8 Raxc8 14.
Rd1 Ndc5 15. Bxc5 Bxc5 16. Be2 Nb4 17. O-O Nxa2 18. Ne4 b6 19. Rd7 Nb4 20. Ra1
Nc6 21. Bd1 Ne5 22. Rb7 Nxc4 23. Raa7 Nxb2 24. Bb3 Bd4 25. g3 Nd3 26. Rxf7 Rxf7
27. Bxe6 Rcf8 28. Nd6 Ne5 29. Kg2 Bc5 30. Ne4 h6 31. f4 Kh7 32. Rxf7 Nxf7 0-1

[Event "OPEN B - XVII MIEDZYNARODOWY FESTIWAL S"]
[Site "GOLD CHESS Open  - Rewal"]
[Date "2012.??.??"]
[Round "2.11"]
[White "Kaluzny, Wlodzimierz"]
[Black "Ziaja, Krystian"]
[Result "0-1"]
[WhiteElo "2011"]
[BlackElo "1822"]
[PlyCount "68"]
[EventDate "2012.??.??"]

1. d4 d5 2. c3 Nf6 3. Nf3 Bf5 4. Bf4 e6 5. e3 Bd6 6. Bg3 h5 7. Bd3 Ne4 8. Qc2
Be7 9. h3 Nxg3 10. fxg3 Bxd3 11. Qxd3 Bd6 12. Kf2 Nd7 13. Nbd2 f5 14. g4 Qf6
15. g5 Qe7 16. c4 h4 17. Rhf1 Bg3+ 18. Kg1 O-O 19. Rfc1 c6 20. Nf1 e5 21. dxe5
Nxe5 22. Nxe5 Bxe5 23. Rc2 Rad8 24. cxd5 Rxd5 25. Qb3 Kh8 26. Rc4 f4 27. exf4
Bd4+ 28. Kh1 Rxf4 29. Rc2 Re5 30. Rcc1 Re2 31. Nh2 Rxg2 32. Re1 Re2 33. Rxe2
Qxe2 34. Ng4 Rf1+ 0-1

[Event "OPEN B - XVII MIEDZYNARODOWY FESTIWAL S"]
[Site "GOLD CHESS Open  - Rewal"]
[Date "2012.??.??"]
[Round "2.12"]
[White "Bes, Michal"]
[Black "Nun, Grzegorz"]
[Result "1-0"]
[WhiteElo "1977"]
[BlackElo "1726"]
[PlyCount "77"]
[EventDate "2012.??.??"]

1. d4 Nf6 2. Nf3 g6 3. c4 c5 4. e3 cxd4 5. exd4 Bg7 6. Nc3 O-O 7. Be2 d5 8. O-O
Nc6 9. b3 Bf5 10. h3 Rc8 11. Be3 a6 12. Rc1 Be4 13. Qd2 dxc4 14. bxc4 Bxf3 15.
Bxf3 Na5 16. c5 Nc4 17. Qe2 Nxe3 18. Qxe3 Qc7 19. Rb1 Rb8 20. Rb6 Rfd8 21. Rfb1
Ng4 22. hxg4 Bxd4 23. Qe1 Bxc5 24. Rxb7 Rxb7 25. Rxb7 Qa5 26. Rxe7 Bxe7 27.
Qxe7 Rd3 28. Ne4 Qa3 29. Nf6+ Kg7 30. Ne8+ Kg8 31. Nf6+ Kg7 32. Qe5 Qc1+ 33.
Kh2 Qh6+ 34. Kg3 Kf8 35. Qc5+ Kg7 36. g5 Qh1 37. Qc8 Rxf3+ 38. Kxf3 Qd1+ 39.
Kg3 1-0

[Event "OPEN B - XVII MIEDZYNARODOWY FESTIWAL S"]
[Site "GOLD CHESS Open  - Rewal"]
[Date "2012.??.??"]
[Round "2.13"]
[White "Chylewski, Patryk"]
[Black "Gora, Jan"]
[Result "0-1"]
[WhiteElo "1562"]
[BlackElo "1975"]
[PlyCount "66"]
[EventDate "2012.??.??"]

1. d4 d5 2. c4 e6 3. Nc3 c6 4. e4 dxe4 5. Nxe4 Bb4+ 6. Bd2 Qxd4 7. Bxb4 Qxe4+
8. Ne2 Ne7 9. Bxe7 Kxe7 10. Qd2 Qe5 11. Qb4+ c5 12. Qc3 Nc6 13. Rd1 Qxc3+ 14.
Nxc3 Nd4 15. Bd3 b6 16. Be4 Rb8 17. O-O f5 18. Bb1 Bb7 19. Rfe1 Kf6 20. f4 Rhe8
21. Ne2 Rbd8 22. Nxd4 Rxd4 23. Rxd4 cxd4 24. Kf2 Rd8 25. g3 h6 26. Rc1 g5 27.
b4 gxf4 28. gxf4 Rg8 29. Rg1 Rxg1 30. Kxg1 Be4 31. Bxe4 fxe4 32. c5 bxc5 33.
bxc5 Ke7 0-1

[Event "OPEN B - XVII MIEDZYNARODOWY FESTIWAL S"]
[Site "GOLD CHESS Open  - Rewal"]
[Date "2012.??.??"]
[Round "2.14"]
[White "Czepczynski, Boguslaw"]
[Black "Drela, Michal"]
[Result "1-0"]
[WhiteElo "1971"]
[BlackElo "1570"]
[PlyCount "35"]
[EventDate "2012.??.??"]

1. c4 Nf6 2. Nc3 e5 3. g3 g6 4. Bg2 Bg7 5. Nf3 d6 6. O-O O-O 7. d4 Nc6 8. Bg5
h6 9. dxe5 Nxe5 10. Nxe5 hxg5 11. Nf3 g4 12. Nd4 Rb8 13. Rc1 Re8 14. b3 Bd7 15.
Qd3 a6 16. Rfe1 Qe7 17. Nd5 Rec8 18. Nxe7+ 1-0

[Event "OPEN B - XVII MIEDZYNARODOWY FESTIWAL S"]
[Site "GOLD CHESS Open  - Rewal"]
[Date "2012.??.??"]
[Round "2.17"]
[White "Nikitin, Aleksander I"]
[Black "Kopica, Paulina"]
[Result "1-0"]
[WhiteElo "2094"]
[BlackElo "1744"]
[PlyCount "69"]
[EventDate "2012.??.??"]

1. d4 e6 2. Nf3 f5 3. c4 Nf6 4. g3 b6 5. Bg2 Bb7 6. O-O Be7 7. b3 O-O 8. Bb2 h6
9. Nc3 d6 10. Qc2 Nbd7 11. d5 exd5 12. Nd4 Re8 13. Nxf5 Nc5 14. cxd5 Bf8 15. b4
Ncd7 16. e4 a5 17. a3 Ne5 18. Rfe1 Bc8 19. Nd4 Qe7 20. Ncb5 Bb7 21. Qxc7 Nd3
22. Re2 axb4 23. Nf5 Qxc7 24. Nxc7 Nxd5 25. Nxa8 Bxa8 26. axb4 N5xb4 27. Bd4 b5
28. Rb1 Nc6 29. Be3 b4 30. Rd1 Nde5 31. Bc1 Bb7 32. f4 Nc4 33. e5 dxe5 34. Bd5+
Kh7 35. Bxc4 1-0

[Event "OPEN B - XVII MIEDZYNARODOWY FESTIWAL S"]
[Site "GOLD CHESS Open  - Rewal"]
[Date "2012.??.??"]
[Round "2.18"]
[White "Hasanov, Sahib"]
[Black "Gajzner, Ryszard"]
[Result "1-0"]
[WhiteElo "2068"]
[BlackElo "1734"]
[PlyCount "51"]
[EventDate "2012.??.??"]

1. d4 e6 2. g3 f5 3. Bg2 Nf6 4. c4 d5 5. Nc3 c6 6. Nf3 Bd6 7. O-O O-O 8. Ne5 b6
9. Bg5 Qe8 10. Bxf6 Rxf6 11. cxd5 exd5 12. Nxd5 Bxe5 13. dxe5 Rf7 14. Nb4 Qxe5
15. Nxc6 Nxc6 16. Bxc6 Bb7 17. Bxb7 Rxb7 18. Qb3+ Kh8 19. e3 h6 20. Rad1 Rc7
21. Rd5 Qf6 22. Rfd1 Rac8 23. Rd6 Qe7 24. Qd5 Rc5 25. Qd4 R5c7 26. Rxh6+ 1-0